[Event "Quebec op"]
[Site "Montreal CAN"]
[Date "2011.07.27"]
[Round "6"]
[White "Sprumont, Oscar"]
[Black "Yun, Chang"]
[Result "0-1"]
[WhiteElo "1757"]
[BlackElo "1881"]
[PlyCount "184"]
[GameId "2160767909649466"]
[EventDate "2011.07.23"]
[EventType "swiss"]
[EventRounds "9"]
[EventCountry "CAN"]
[SourceTitle "EXT 2022"]
[Source "ChessBase"]
[SourceDate "2021.10.06"]
[SourceVersion "1"]
[SourceVersionDate "2021.10.06"]
[SourceQuality "1"]

1. e4 e5 2. Nf3 Qe7 3. Bc4 c6 4. Nc3 d6 5. O-O g6 6. d4 Bg7 7. Qd3 Nh6 8. Bd2 f6 9. Rad1 Nf7 10. Bc1 Nd7 11. Rd2 Bh6 12. Re2 Bxc1 13. Rxc1 O-O 14. Rd1 Kg7 15. Bb3 Re8 16. Kh1 Nb6 17. h3 Be6 18. d5 cxd5 19. Nxd5 Bxd5 20. Bxd5 Nxd5 21. Qxd5 Rac8 22. Qd3 Qc7 23. c3 Qa5 24. a3 Qa4 25. Qc2 Qxc2 26. Rxc2 f5 27. Nd2 Red8 28. exf5 gxf5 29. Nf1 f4 30. Rd5 Ng5 31. f3 Kf6 32. Rcd2 Ke7 33. Rd1 Ne6 34. Nh2 Ng7 35. Ng4 Nf5 36. R1d2 h5 37. Nf2 Ne3 38. R5d3 Ke6 39. b3 b5 40. Nd1 Nxd1 41. Rxd1 d5 42. Kg1 h4 43. Kf2 Rd7 44. Kg1 Rcd8 45. Kf2 e4 46. Rd4 e3+ 47. Ke2 Ke5 48. R1d3 Rc8 49. c4 bxc4 50. bxc4 Rcd8 51. cxd5 Rxd5 52. Re4+ Kf5 53. Rxd5+ Rxd5 54. Re7 Ra5 55. Rh7 Kg5 56. Rg7+ Kf5 57. Rh7 Rxa3 58. Rh5+ Kf6 59. Rxh4 Ra2+ 60. Kf1 Ke5 61. Rh5+ Kd4 62. Rf5 Kd3 63. Rd5+ Kc3 64. Rf5 Kd2 65. Rd5+ Kc1 66. h4 Rf2+ 67. Ke1 Rxg2 68. Rf5 Kc2 69. h5 Rh2 70. Ra5 Kd3 71. Ra3+ Kd4 72. Rxa7 Rxh5 73. Ra4+ Kd3 74. Ra3+ Kc4 75. Ra4+ Kc3 76. Ke2 Rh2+ 77. Ke1 Kd3 78. Ra3+ Kd4 79. Ra4+ Ke5 80. Ra5+ Kf6 81. Rb5 Rf2 82. Rb8 Kg5 83. Rg8+ Kf6 84. Rf8+ Ke5 85. Re8+ Kd6 86. Re4 Rxf3 87. Ke2 Rf2+ 88. Ke1 Kd5 89. Re8 Ra2 90. Re7 Kd4 91. Rd7+ Ke4 92. Rh7 Ra1+ 0-1

[Event "Quebec op"]
[Site "Montreal CAN"]
[Date "2011.07.28"]
[Round "6"]
[White "Leitch, Darcy"]
[Black "Barre, Michel"]
[Result "1/2-1/2"]
[WhiteElo "1872"]
[BlackElo "1854"]
[PlyCount "118"]
[GameId "2160767909649472"]
[EventDate "2011.07.23"]
[EventType "swiss"]
[EventRounds "9"]
[EventCountry "CAN"]
[SourceTitle "EXT 2022"]
[Source "ChessBase"]
[SourceDate "2021.10.06"]
[SourceVersion "1"]
[SourceVersionDate "2021.10.06"]
[SourceQuality "1"]

1. d4 d5 2. c4 e5 3. dxe5 d4 4. Nf3 Nc6 5. a3 Nge7 6. e3 Bg4 7. exd4 Nxd4 8. Qxd4 Qxd4 9. Nxd4 O-O-O 10. Ne2 Ng6 11. f3 Bf5 12. Ng3 Bc2 13. Nc3 Nxe5 14. Be3 Bb3 15. Kf2 g6 16. Be2 f5 17. Rad1 Re8 18. f4 Nxc4 19. Bxc4 Bxc4 20. Bd4 Rg8 21. Rhe1 Bd6 22. Nge2 Re6 23. g3 Rge8 24. Nc1 c5 25. Rxe6 Rxe6 26. Be3 b6 27. b3 Ba6 28. a4 c4 29. Nd5 Ba3 30. bxc4 Bxc4 31. Ne2 Kb7 32. Ndc3 Re7 33. Nd4 a6 34. Nf3 b5 35. Ne5 Bb3 36. Rd3 b4 37. Ne2 Bxa4 38. Bc1 Bxc1 39. Nxc1 Rc7 40. Nb3 Bxb3 41. Rxb3 a5 42. Ke3 Kb6 43. Nf3 Kb5 44. Kd3 a4 45. Nd4+ Ka5 46. Rb1 Rc3+ 47. Kd2 a3 48. Nc2 Rc4 49. Kd3 Re4 50. Na1 Ka4 51. Rb3 Re1 52. Rxb4+ Kxb4 53. Nc2+ Kb3 54. Nxe1 a2 55. Nc2 Kb2 56. Kd2 h6 57. h3 h5 58. h4 Kb3 59. Kd3 Kb2 1/2-1/2

[Event "Quebec op"]
[Site "Montreal CAN"]
[Date "2011.07.28"]
[Round "7"]
[White "Arsenault, Nicolas"]
[Black "Zhu, Hong Rui"]
[Result "0-1"]
[WhiteElo "2164"]
[BlackElo "2002"]
[PlyCount "78"]
[GameId "2160767909649474"]
[EventDate "2011.07.23"]
[EventType "swiss"]
[EventRounds "9"]
[EventCountry "CAN"]
[SourceTitle "EXT 2022"]
[Source "ChessBase"]
[SourceDate "2021.10.06"]
[SourceVersion "1"]
[SourceVersionDate "2021.10.06"]
[SourceQuality "1"]

1. e4 c5 2. Nf3 d6 3. Bb5+ Bd7 4. Bxd7+ Qxd7 5. O-O Nc6 6. c3 Nf6 7. d4 e5 8. Re1 g6 9. Bg5 Bg7 10. d5 Ne7 11. Nbd2 O-O 12. a4 Ne8 13. Nc4 f6 14. Bh4 Rc8 15. Nfd2 f5 16. f3 Kh8 17. Qb3 Bh6 18. Qb5 Qc7 19. Nf1 Rg8 20. g4 Bf4 21. h3 g5 22. Bf2 fxe4 23. fxe4 Nf6 24. Ng3 Bxg3 25. Bxg3 h5 26. gxh5 Nxh5 27. Kh2 g4 28. h4 Ng6 29. Ne3 Rcf8 30. Nf5 Ne7 31. Rf1 Nxf5 32. exf5 Qe7 33. Qd3 Rf6 34. Rae1 Rh6 35. Rh1 Qh7 36. Ref1 Rf6 37. Qe4 Rgf8 38. Bxe5 dxe5 39. Qxe5 Ng7 0-1

[Event "Quebec op"]
[Site "Montreal CAN"]
[Date "2011.07.28"]
[Round "7"]
[White "Barre, Michel"]
[Black "Luo, Zhao Yang"]
[Result "1-0"]
[WhiteElo "1854"]
[BlackElo "1908"]
[PlyCount "81"]
[GameId "2160767909649476"]
[EventDate "2011.07.23"]
[EventType "swiss"]
[EventRounds "9"]
[EventCountry "CAN"]
[SourceTitle "EXT 2022"]
[Source "ChessBase"]
[SourceDate "2021.10.06"]
[SourceVersion "1"]
[SourceVersionDate "2021.10.06"]
[SourceQuality "1"]

1. e4 c6 2. d4 d5 3. exd5 cxd5 4. c4 Nf6 5. Nc3 e6 6. Nf3 Bb4 7. Bd2 O-O 8. cxd5 exd5 9. Be2 Bg4 10. O-O Nc6 11. Bg5 Be7 12. Re1 Re8 13. h3 Bh5 14. Ne5 Bxe2 15. Rxe2 Qb6 16. Bxf6 Bxf6 17. Nd7 Qxd4 18. Rd2 Qh4 19. Nxd5 Bg5 20. Rd3 Rac8 21. Nc3 Rcd8 22. Qb3 Na5 23. Qd5 Nc6 24. Qb5 Nb4 25. Rg3 Nc2 26. Rd1 Nd4 27. Qd5 Bf6 28. Rg4 Qh6 29. Ne4 Be5 30. Kf1 Qa6+ 31. Kg1 Qa4 32. Rxd4 Qxd7 33. Qxd7 Rxd7 34. Rxd7 f5 35. Nd6 Bxd6 36. Rgxg7+ Kh8 37. Rxh7+ Kg8 38. Rdg7+ Kf8 39. Rh8+ Kxg7 40. Rxe8 Kf7 41. Re3 1-0

[Event "Quebec op"]
[Site "Montreal CAN"]
[Date "2011.07.28"]
[Round "7"]
[White "Beaulieu, Pierre"]
[Black "Sasseville, Jean"]
[Result "1/2-1/2"]
[WhiteElo "1855"]
[BlackElo "1944"]
[PlyCount "87"]
[GameId "2160767909649477"]
[EventDate "2011.07.23"]
[EventType "swiss"]
[EventRounds "9"]
[EventCountry "CAN"]
[SourceTitle "EXT 2022"]
[Source "ChessBase"]
[SourceDate "2021.10.06"]
[SourceVersion "1"]
[SourceVersionDate "2021.10.06"]
[SourceQuality "1"]

1. e4 c6 2. d4 d5 3. exd5 cxd5 4. Bd3 Nc6 5. c3 Qc7 6. Nf3 Bg4 7. h3 Bh5 8. Nbd2 Nf6 9. Qa4 e6 10. Ne5 Bd6 11. f4 O-O 12. O-O Rac8 13. Ndf3 Bxf3 14. Rxf3 Ne4 15. Be3 f5 16. Qd1 Rb8 17. a4 a6 18. Rc1 b5 19. axb5 axb5 20. b3 Bxe5 21. fxe5 Na5 22. c4 bxc4 23. bxc4 Nxc4 24. Bxc4 dxc4 25. d5 Rfd8 26. d6 Qc6 27. Qd4 Rbc8 28. Qa7 Rd7 29. Rxc4 Rxa7 30. Rxc6 Ra1+ 31. Rf1 Rxc6 32. Rxa1 Nxd6 33. exd6 Rxd6 34. Ra7 e5 35. Kf2 f4 36. Bc5 Rc6 37. Bb4 e4 38. Re7 Rc4 39. Bd6 g5 40. h4 f3 41. hxg5 Rc2+ 42. Kf1 Rc1+ 43. Kf2 Rc2+ 44. Kf1 1/2-1/2

[Event "Quebec op"]
[Site "Montreal CAN"]
[Date "2011.07.28"]
[Round "7"]
[White "Beladel, Brahim"]
[Black "Bergeron, Carl"]
[Result "1-0"]
[WhiteElo "1693"]
[BlackElo "1462"]
[PlyCount "103"]
[GameId "2160767909649478"]
[EventDate "2011.07.23"]
[EventType "swiss"]
[EventRounds "9"]
[EventCountry "CAN"]
[SourceTitle "EXT 2022"]
[Source "ChessBase"]
[SourceDate "2021.10.06"]
[SourceVersion "1"]
[SourceVersionDate "2021.10.06"]
[SourceQuality "1"]

1. e4 e6 2. d4 d5 3. Nd2 c5 4. exd5 Qxd5 5. Ngf3 cxd4 6. Bc4 Qd8 7. O-O Nf6 8. Nb3 Qc7 9. Bd3 Bd6 10. Nbxd4 a6 11. h3 Nc6 12. Nxc6 bxc6 13. Re1 O-O 14. Bg5 Nd5 15. c3 f6 16. Bd2 Rb8 17. Qc2 f5 18. Nd4 Rf6 19. b4 Bf4 20. Nf3 Bxd2 21. Qxd2 Nf4 22. Re5 Ng6 23. Ree1 c5 24. Rad1 c4 25. Bf1 Bb7 26. Qd6 Qxd6 27. Rxd6 Bxf3 28. gxf3 Nh4 29. Rexe6 Rxe6 30. Rxe6 Nxf3+ 31. Kg2 Nd2 32. Rxa6 Nb1 33. Bxc4+ Kh8 34. b5 Nxc3 35. b6 g6 36. Kf1 Ne4 37. Bd5 Nc5 38. Ra8 Rxa8 39. Bxa8 Nd7 40. b7 Kg8 41. a4 Kf8 42. a5 Nb8 43. Ke2 Ke7 44. Ke3 Kd6 45. Kf4 Kc5 46. Ke3 h6 47. h4 Kd5 48. a6 Kd6 49. a7 Kc7 50. axb8=Q+ Kxb8 51. Kd4 h5 52. Ke5 1-0

[Event "Quebec op"]
[Site "Montreal CAN"]
[Date "2011.07.28"]
[Round "7"]
[White "Bergeron, Rene"]
[Black "Lemieux, Serge"]
[Result "0-1"]
[WhiteElo "1587"]
[BlackElo "1557"]
[PlyCount "61"]
[GameId "2160767909649479"]
[EventDate "2011.07.23"]
[EventType "swiss"]
[EventRounds "9"]
[EventCountry "CAN"]
[SourceTitle "EXT 2022"]
[Source "ChessBase"]
[SourceDate "2021.10.06"]
[SourceVersion "1"]
[SourceVersionDate "2021.10.06"]
[SourceQuality "1"]

1. c4 c5 2. Nf3 g6 3. Nc3 Nc6 4. g3 Bg7 5. Bg2 d6 6. O-O e5 7. d3 Nge7 8. a3 a6 9. Rb1 O-O 10. b4 f5 11. Nd2 cxb4 12. axb4 e4 13. Na4 b5 14. Nb2 a5 15. cxb5 Nxb4 16. dxe4 fxe4 17. Nxe4 d5 18. Nc5 Rb8 19. Qa4 Qb6 20. Nbd3 Qxb5 21. Nxb4 axb4 22. Bf4 Rb7 23. Bd6 Re8 24. Bxe7 Rexe7 25. Bxd5+ Be6 26. Bxb7 Qxc5 27. Qxb4 Qxb4 28. Rxb4 Bc3 29. Re4 Kf7 30. Ba6 Ra7 31. Bc4 0-1

[Event "Quebec op"]
[Site "Montreal CAN"]
[Date "2011.07.28"]
[Round "7"]
[White "Chevalier, Francois"]
[Black "Leitch, Darcy"]
[Result "1/2-1/2"]
[WhiteElo "1699"]
[BlackElo "1872"]
[PlyCount "80"]
[GameId "2160767909649483"]
[EventDate "2011.07.23"]
[EventType "swiss"]
[EventRounds "9"]
[EventCountry "CAN"]
[SourceTitle "EXT 2022"]
[Source "ChessBase"]
[SourceDate "2021.10.06"]
[SourceVersion "1"]
[SourceVersionDate "2021.10.06"]
[SourceQuality "1"]

1. d4 Nf6 2. Nf3 e6 3. e3 b6 4. Bd3 Bb7 5. O-O Be7 6. c4 O-O 7. Nc3 d5 8. b3 Nbd7 9. Bb2 c6 10. Qe2 Bd6 11. Rfd1 Qe7 12. a3 Rad8 13. b4 dxc4 14. Bxc4 e5 15. dxe5 Nxe5 16. Nxe5 Bxe5 17. Rac1 Bc8 18. Rxd8 Rxd8 19. Rd1 Re8 20. h3 b5 21. Ba2 g5 22. Qc2 g4 23. Ne2 gxh3 24. g3 Bxg3 25. Nxg3 Ng4 26. Bb1 h2+ 27. Kh1 Qh4 28. Rd4 c5 29. Rf4 Bb7+ 30. e4 Bd5 31. f3 f5 32. fxg4 Qxg3 33. Qf2 Qxf2 34. Rxf2 fxe4 35. Kxh2 e3 36. Re2 cxb4 37. axb4 Bf3 38. Re1 Bxg4 39. Bd4 a6 40. Kg3 h5 1/2-1/2

[Event "Quebec op"]
[Site "Montreal CAN"]
[Date "2011.07.28"]
[Round "7"]
[White "Enkh-Amar, Galbadrakh"]
[Black "Dumont, Felix"]
[Result "0-1"]
[WhiteElo "2179"]
[BlackElo "2007"]
[PlyCount "98"]
[GameId "2160767909649486"]
[EventDate "2011.07.23"]
[EventType "swiss"]
[EventRounds "9"]
[EventCountry "CAN"]
[SourceTitle "EXT 2022"]
[Source "ChessBase"]
[SourceDate "2021.10.06"]
[SourceVersion "1"]
[SourceVersionDate "2021.10.06"]
[SourceQuality "1"]

1. Nf3 c5 2. c4 Nc6 3. g3 g6 4. Bg2 Bg7 5. O-O Nf6 6. Nc3 O-O 7. d4 cxd4 8. Nxd4 a6 9. Rb1 Qc7 10. b3 d6 11. Nc2 Be6 12. e4 Rab8 13. Qe2 Rfe8 14. Rd1 Nd7 15. Bb2 Qa5 16. Nd5 Bxb2 17. Rxb2 b5 18. cxb5 axb5 19. Nce3 Qa7 20. h4 Nde5 21. Rbd2 h5 22. Kh1 Ng4 23. Nxg4 Bxg4 24. f3 Be6 25. Rc1 Bxd5 26. Rxd5 Nb4 27. Rxb5 Qxa2 28. Qc4 Qd2 29. Rxb8 Rxb8 30. Rc3 Na2 31. Rc2 Qe1+ 32. Kh2 Qb1 33. b4 Nxb4 34. Rc3 Na2 35. Rc2 Rb2 36. Rxb2 Qxb2 37. f4 Nc3 38. f5 Nd1 39. Qd3 Nf2 40. Qf3 Ng4+ 41. Kh3 Qb6 42. Qf1 Qf2 43. fxg6 Qxf1 44. Bxf1 fxg6 45. Bb5 Nf2+ 46. Kg2 Nxe4 47. Kf3 Nf6 48. Kf4 e5+ 49. Kg5 Kg7 0-1

[Event "Quebec op"]
[Site "Montreal CAN"]
[Date "2011.07.28"]
[Round "7"]
[White "Gagnon, Serge"]
[Black "Luksza, Arkadiusz"]
[Result "0-1"]
[WhiteElo "1972"]
[BlackElo "2197"]
[PlyCount "79"]
[GameId "2160767909649487"]
[EventDate "2011.07.23"]
[EventType "swiss"]
[EventRounds "9"]
[EventCountry "CAN"]
[SourceTitle "EXT 2022"]
[Source "ChessBase"]
[SourceDate "2021.10.06"]
[SourceVersion "1"]
[SourceVersionDate "2021.10.06"]
[SourceQuality "1"]

1. Nf3 Nf6 2. c4 c5 3. d4 cxd4 4. Nxd4 g6 5. Nc3 Bg7 6. e4 d6 7. Be2 O-O 8. O-O Nc6 9. Be3 Bd7 10. f3 Nh5 11. Nxc6 Bxc6 12. Qd2 a6 13. Rfd1 Rc8 14. a4 a5 15. Nd5 Bxd5 16. cxd5 Nf6 17. Bb5 Nd7 18. Rac1 Nc5 19. Qf2 b6 20. Rc4 f5 21. exf5 Rxf5 22. Bc6 e5 23. Qc2 Qc7 24. b4 axb4 25. Rxb4 Rcf8 26. Rdb1 Qe7 27. Rxb6 e4 28. fxe4 Nxe4 29. Rb8 Nc3 30. Rxf8+ Rxf8 31. Bb6 Nxb1 32. Qxb1 Qh4 33. Qd1 Be5 34. g3 Bxg3 35. Qe2 Bxh2+ 36. Qxh2 Qe1+ 37. Kg2 Qf1+ 38. Kg3 Qf3+ 39. Kh4 Rf5 40. Qxd6 0-1

[Event "Quebec op"]
[Site "Montreal CAN"]
[Date "2011.07.28"]
[Round "7"]
[White "Gauthier, Denis"]
[Black "Goldner, John"]
[Result "1-0"]
[WhiteElo "1996"]
[BlackElo "1683"]
[PlyCount "145"]
[GameId "2160767909649488"]
[EventDate "2011.07.23"]
[EventType "swiss"]
[EventRounds "9"]
[EventCountry "CAN"]
[SourceTitle "EXT 2022"]
[Source "ChessBase"]
[SourceDate "2021.10.06"]
[SourceVersion "1"]
[SourceVersionDate "2021.10.06"]
[SourceQuality "1"]

1. d4 f5 2. Nc3 Nf6 3. Bg5 e6 4. e4 Be7 5. exf5 exf5 6. Bd3 d5 7. Nf3 O-O 8. O-O c6 9. Ne5 Ne4 10. Bxe7 Qxe7 11. Re1 Qb4 12. Ne2 Qxb2 13. f3 Nc3 14. Qd2 Nxe2+ 15. Bxe2 f4 16. Rab1 Qa3 17. c4 Qd6 18. Bd3 Nd7 19. c5 Nxc5 20. dxc5 Qxc5+ 21. Kh1 Qd6 22. Re2 g6 23. a4 b6 24. Rc1 c5 25. Bc4 Bb7 26. Rd1 Rad8 27. Ng4 Kg7 28. Ba2 Bc6 29. Bb3 h5 30. Ne5 Bb7 31. Qb2 d4 32. Bc4 Rf6 33. Rde1 Re8 34. Qb3 Rf5 35. Nd3 Rxe2 36. Rxe2 Bd5 37. Kg1 g5 38. Kf2 Kf8 39. Qc2 Bxc4 40. Qxc4 Rd5 41. Re4 h4 42. Qa6 Qc7 43. Qb5 Qd7 44. Re5 Qf7 45. Re2 Qd7 46. Qc4 Qd6 47. Qa6 Qc7 48. Qc4 Qd6 49. h3 Qd8 50. Re6 Qd7 51. Re4 Qd6 52. Kg1 Kg7 53. Kh2 Kf8 54. Qb5 Qd7 55. Qa6 Qc7 56. Qc4 Qd6 57. Kh1 Kg7 58. Re8 Kf6 59. Qa6 Qd7 60. Ra8 Rd6 61. Rxa7 Qe6 62. Qb7 Kf5 63. Qh7+ Qg6 64. Rf7+ Rf6 65. Rxf6+ Kxf6 66. Qh8+ Ke6 67. Qe5+ Kd7 68. Qd5+ Kc7 69. Ne5 Qd6 70. Qf7+ Kd8 71. Nc4 Qe7 72. Qd5+ Kc7 73. Kh2 1-0

[Event "Quebec op"]
[Site "Montreal CAN"]
[Date "2011.07.28"]
[Round "7"]
[White "Lebeau, Gilbert"]
[Black "Leutschaft, Martin"]
[Result "1-0"]
[WhiteElo "2052"]
[BlackElo "2141"]
[PlyCount "93"]
[GameId "2160767909649494"]
[EventDate "2011.07.23"]
[EventType "swiss"]
[EventRounds "9"]
[EventCountry "CAN"]
[SourceTitle "EXT 2022"]
[Source "ChessBase"]
[SourceDate "2021.10.06"]
[SourceVersion "1"]
[SourceVersionDate "2021.10.06"]
[SourceQuality "1"]

1. d4 Nf6 2. Nf3 d6 3. g3 Nbd7 4. Bg2 c6 5. c4 e5 6. dxe5 dxe5 7. O-O Bc5 8. Nc3 O-O 9. Qc2 Re8 10. e3 Bf8 11. b3 Nc5 12. Rd1 Qb6 13. h3 h6 14. Rb1 a5 15. a3 Qc7 16. e4 Ne6 17. b4 axb4 18. axb4 Bd7 19. c5 Red8 20. Be3 Ra3 21. Na4 Ra8 22. Nb6 R8a7 23. Nc4 Ra2 24. Qd3 Ng5 25. Bxg5 hxg5 26. Nxg5 Ra8 27. Qc3 Re8 28. Qb3 Raa8 29. Nd6 Be6 30. Qc3 Bxd6 31. cxd6 Qb6 32. Qc5 Nd7 33. Qc3 Ba2 34. Rb2 Qd8 35. h4 Qf6 36. Bh3 Be6 37. Bxe6 fxe6 38. Qd3 Ra4 39. Qe2 Qg6 40. Kg2 Ra3 41. Rd3 Rxd3 42. Qxd3 Ra8 43. Qc4 Nb6 44. Ra2 Rd8 45. Qc5 Nd7 46. Qa5 b6 47. Qa7 1-0

[Event "Quebec op"]
[Site "Montreal CAN"]
[Date "2011.07.28"]
[Round "7"]
[White "Libersan, Thierry"]
[Black "Wu, Qiyou"]
[Result "1-0"]
[WhiteElo "2141"]
[BlackElo "1942"]
[PlyCount "119"]
[GameId "2160767909649495"]
[EventDate "2011.07.23"]
[EventType "swiss"]
[EventRounds "9"]
[EventCountry "CAN"]
[SourceTitle "EXT 2022"]
[Source "ChessBase"]
[SourceDate "2021.10.06"]
[SourceVersion "1"]
[SourceVersionDate "2021.10.06"]
[SourceQuality "1"]

1. e4 c5 2. Nf3 d6 3. d4 cxd4 4. Qxd4 Nc6 5. Bb5 Bd7 6. Bxc6 Bxc6 7. Nc3 e5 8. Qd3 Be7 9. O-O Nf6 10. Bg5 Qc7 11. Nd2 h6 12. Bxf6 Bxf6 13. Nc4 Be7 14. Rad1 O-O 15. Ne3 Rfd8 16. Ncd5 Qd7 17. Nf5 Bxd5 18. Qg3 Bf8 19. Rxd5 Kh7 20. Rfd1 Qa4 21. Qd3 Qxa2 22. h4 Rac8 23. Ne3 Qxb2 24. Rb5 Qc3 25. Rxb7 Qxd3 26. cxd3 Ra8 27. Rxf7 a5 28. Rb7 Rdb8 29. Rxb8 Rxb8 30. Ra1 Ra8 31. Nc4 Be7 32. h5 Bd8 33. Nxd6 a4 34. Nc4 Kg8 35. Ra2 Bc7 36. Nb2 Bb6 37. Rxa4 Rxa4 38. Nxa4 Bd4 39. Kf1 Kf7 40. Ke2 Kf6 41. f3 Kg5 42. Kd2 Kxh5 43. Nc3 Kg5 44. Ne2 Bb6 45. Kc3 Kf6 46. Kc4 Ke6 47. Kb5 Bf2 48. Kc6 g5 49. g4 Be1 50. Nc1 Bg3 51. Nb3 Kf6 52. Kd5 Kg6 53. Nc5 h5 54. gxh5+ Kxh5 55. Nd7 Bf2 56. Nxe5 Kh4 57. Nf7 Be3 58. e5 Kh5 59. Ke4 Bb6 60. Kf5 1-0

[Event "Quebec op"]
[Site "Montreal CAN"]
[Date "2011.07.28"]
[Round "7"]
[White "Robichaud, Louis"]
[Black "Malveau, Cedric"]
[Result "1-0"]
[WhiteElo "2183"]
[BlackElo "2036"]
[PlyCount "65"]
[GameId "2160767909649497"]
[EventDate "2011.07.23"]
[EventType "swiss"]
[EventRounds "9"]
[EventCountry "CAN"]
[SourceTitle "EXT 2022"]
[Source "ChessBase"]
[SourceDate "2021.10.06"]
[SourceVersion "1"]
[SourceVersionDate "2021.10.06"]
[SourceQuality "1"]

1. e4 c5 2. Nc3 d6 3. g3 Nc6 4. Bg2 g6 5. f4 Bg7 6. d3 e6 7. Nf3 Nge7 8. O-O O-O 9. Be3 b6 10. Bf2 Ba6 11. a4 Qc7 12. Nb5 Bxb5 13. axb5 Nd4 14. Bxd4 Bxd4+ 15. Nxd4 cxd4 16. f5 exf5 17. exf5 Nxf5 18. Rxf5 gxf5 19. Bxa8 Rxa8 20. Qf3 Re8 21. Qxf5 Qxc2 22. Qg4+ Kf8 23. Qxd4 Re2 24. Qh8+ Ke7 25. Rxa7+ Ke6 26. Qe8+ Kd5 27. Qxf7+ Kd4 28. Ra4+ Ke5 29. d4+ Ke4 30. d5+ Kd3 31. Qf3+ Kd2 32. Qf4+ Re3 33. Rd4+ 1-0

[Event "Quebec op"]
[Site "Montreal CAN"]
[Date "2011.07.28"]
[Round "7"]
[White "Sarrazin-Gendron, Roman"]
[Black "He, Shao Hang"]
[Result "1-0"]
[WhiteElo "1960"]
[BlackElo "1546"]
[PlyCount "67"]
[GameId "2160767909649501"]
[EventDate "2011.07.23"]
[EventType "swiss"]
[EventRounds "9"]
[EventCountry "CAN"]
[SourceTitle "EXT 2022"]
[Source "ChessBase"]
[SourceDate "2021.10.06"]
[SourceVersion "1"]
[SourceVersionDate "2021.10.06"]
[SourceQuality "1"]

1. Nf3 d5 2. c4 c6 3. b3 Nf6 4. g3 Bg4 5. Bg2 e6 6. O-O Nbd7 7. Bb2 Bd6 8. Nc3 O-O 9. d3 Re8 10. Nd2 Rc8 11. Rc1 a6 12. a4 Qa5 13. Ra1 Bb4 14. Ndb1 Qb6 15. Ba3 Bxa3 16. Nxa3 Nc5 17. Rb1 Qb4 18. Qc1 d4 19. Na2 Qb6 20. Qb2 Rcd8 21. h3 Bh5 22. g4 Bg6 23. b4 Nxa4 24. Qc2 Nc3 25. Nxc3 dxc3 26. Qxc3 Qd4 27. Qxd4 Rxd4 28. b5 axb5 29. cxb5 Ra4 30. bxc6 Rxa3 31. cxb7 Nd7 32. Bc6 Rb8 33. Bxd7 Ra7 34. Rfc1 1-0

[Event "Quebec op"]
[Site "Montreal CAN"]
[Date "2011.07.28"]
[Round "7"]
[White "Trottier, Emile"]
[Black "Tremblay, Alain"]
[Result "1-0"]
[WhiteElo "2032"]
[BlackElo "2113"]
[PlyCount "57"]
[GameId "2160767909649502"]
[EventDate "2011.07.23"]
[EventType "swiss"]
[EventRounds "9"]
[EventCountry "CAN"]
[SourceTitle "EXT 2022"]
[Source "ChessBase"]
[SourceDate "2021.10.06"]
[SourceVersion "1"]
[SourceVersionDate "2021.10.06"]
[SourceQuality "1"]

1. e4 d5 2. exd5 Qxd5 3. Nc3 Qa5 4. Nf3 Nf6 5. d4 c6 6. Bc4 Bf5 7. O-O e6 8. Be3 Nbd7 9. h3 Bd6 10. Ne2 h6 11. Bf4 Bxf4 12. Nxf4 g5 13. Nd3 g4 14. Nfe5 gxh3 15. g3 h5 16. Re1 Rh7 17. Qf3 O-O-O 18. b4 Qc7 19. b5 cxb5 20. Bxb5 h4 21. Rab1 h2+ 22. Kh1 Nb6 23. Nc5 Rd6 24. Rb3 hxg3 25. fxg3 a6 26. Bxa6 bxa6 27. Nxa6 Qb7 28. Rc3+ Rc6 29. Rxc6+ 1-0

[Event "Quebec op"]
[Site "Montreal CAN"]
[Date "2011.07.28"]
[Round "7"]
[White "Yun, Chang"]
[Black "Auger, Bertrand"]
[Result "1-0"]
[WhiteElo "1881"]
[BlackElo "1961"]
[PlyCount "84"]
[GameId "2160767909649506"]
[EventDate "2011.07.23"]
[EventType "swiss"]
[EventRounds "9"]
[EventCountry "CAN"]
[SourceTitle "EXT 2022"]
[Source "ChessBase"]
[SourceDate "2021.10.06"]
[SourceVersion "1"]
[SourceVersionDate "2021.10.06"]
[SourceQuality "1"]

1. e4 e6 2. d4 d5 3. Nd2 c5 4. exd5 exd5 5. Ngf3 Nf6 6. Bb5+ Bd7 7. Bxd7+ Nbxd7 8. O-O Be7 9. dxc5 Nxc5 10. Nb3 O-O 11. Nxc5 Bxc5 12. Bg5 Be7 13. Bxf6 Bxf6 14. c3 Qb6 15. Qb3 Qxb3 16. axb3 a6 17. Rfd1 Rfd8 18. Ra5 b5 19. b4 g6 20. Kf1 Rd6 21. Nd4 Re8 22. Raa1 Re4 23. Nb3 Re8 24. Rd3 h5 25. Nc5 d4 26. Rad1 Rd5 27. Nxa6 Rd7 28. Nc5 Ra7 29. cxd4 Ra2 30. R3d2 Bg5 31. Rc2 Bf4 32. d5 Rd8 33. g3 Be5 34. f4 Rxb2 35. Rxb2 Bxb2 36. d6 Kf8 37. d7 Ke7 38. Re1+ Kf8 39. Re4 Bf6 40. Ke2 Be7 41. Rd4 Bf6 42. Nb7 Ke7 1-0

[Event "Quebec op"]
[Site "Montreal CAN"]
[Date "2011.07.29"]
[Round "8"]
[White "Bergeron, Carl"]
[Black "Brunet, Guy"]
[Result "0-1"]
[WhiteElo "1462"]
[BlackElo "1534"]
[PlyCount "66"]
[GameId "2160767909649508"]
[EventDate "2011.07.23"]
[EventType "swiss"]
[EventRounds "9"]
[EventCountry "CAN"]
[SourceTitle "EXT 2022"]
[Source "ChessBase"]
[SourceDate "2021.10.06"]
[SourceVersion "1"]
[SourceVersionDate "2021.10.06"]
[SourceQuality "1"]

1. e4 d5 2. exd5 Qxd5 3. Nc3 Qd8 4. d4 Nf6 5. Nf3 Bg4 6. h3 Bxf3 7. Qxf3 c6 8. Be3 Nbd7 9. Bc4 e6 10. O-O Be7 11. Qg3 g6 12. f4 Nb6 13. Bd3 Nbd5 14. f5 exf5 15. Bh6 Qd6 16. Qf3 O-O-O 17. Na4 Qb4 18. c4 Qxa4 19. b3 Qb4 20. a3 Qd6 21. Bg7 Rhg8 22. cxd5 Rxg7 23. dxc6 Qxd4+ 24. Kh1 Qxd3 25. cxb7+ Kb8 26. Qc6 Qd7 27. Qc3 Qxb7 28. Rac1 Rgg8 29. Qe5+ Rd6 30. Rf4 Ne4 31. Rc4 Ka8 32. Ra4 Rd1+ 33. Kh2 Bd6 0-1

[Event "Quebec op"]
[Site "Montreal CAN"]
[Date "2011.07.29"]
[Round "8"]
[White "Cvetkovic, Simeon"]
[Black "Sarrazin-Gendron, Roman"]
[Result "1/2-1/2"]
[WhiteElo "2067"]
[BlackElo "1968"]
[PlyCount "34"]
[GameId "2160767909649513"]
[EventDate "2011.07.23"]
[EventType "swiss"]
[EventRounds "9"]
[EventCountry "CAN"]
[SourceTitle "EXT 2022"]
[Source "ChessBase"]
[SourceDate "2021.10.06"]
[SourceVersion "1"]
[SourceVersionDate "2021.10.06"]
[SourceQuality "1"]

1. e4 d6 2. d4 Nf6 3. Nc3 g6 4. f3 e5 5. dxe5 dxe5 6. Qxd8+ Kxd8 7. Bg5 Be7 8. O-O-O+ Ke8 9. Bc4 c6 10. Nge2 Nbd7 11. Ng3 Nf8 12. Rhe1 Be6 13. Bxe6 Nxe6 14. Be3 Bb4 15. Nge2 Ke7 16. a3 Ba5 17. Rd3 Bb6 1/2-1/2